00901cam a22002293a 450000100060000000300060000600500170001200800410002904000150007004200070008505000090009210000180010124501640011926000290028350600300031251600200034265300660036265300460042874001260047483000290060085600420062920377PGUSA20140828083430.0070115s2007||||xxu|||||s|||||000 | eng d aPGUSAbeng adc 4aD5011 aWard, Fred W.14aThe 23rd (Service) Battalion Royal Fusiliers (First Sportsman's) :bA Record of its Services in the Great War, 1914-1919h[electronic resource] /cFred W. Ward bProject Gutenberg,c2007 aPublic domain in the USA. aElectronic text aWorld War, 1914-1918 -- Regimental histories -- Great Britain aGreat Britain. Army. 23rd Royal Fusiliers0 aTwenty-third (Service) Battalion Royal Fusiliers (First Sportsman's) A Record of its Services in the Great War, 1914-1919 0aProject Gutenbergv2037740uhttp://www.gutenberg.org/ebooks/20377